| 000 | 00674nam a2200181 4500 | ||
|---|---|---|---|
| 001 | 119405 | ||
| 003 | ES-MaACL | ||
| 005 | 20230906191317.0 | ||
| 007 | t| | ||
| 008 | 070214s1913 sp r ||||1| spa d | ||
| 100 | 1 |
_aPérez de Hita, Ginés. _990778 |
|
| 245 | 1 | 0 |
_aGuerras civiles de Granada / _cGinés Pérez de Hita ; reproducción de la edición príncipe del año 1595 publicada por Paula Blanchard-Demouge. |
| 260 |
_aMadrid : _bCentro de Estudios HIstóricos, _c1913. |
||
| 300 |
_a2 v. ; _c26 cm. |
||
| 500 | _aJunta para la Ampliación de Estudios e Investigaciones Científicas. | ||
| 700 | 1 |
_aBlanchard-Demouge, Paula. _929148 |
|
| 852 |
_aES-MaACL _jC-1740-41 |
||
| 999 |
_c119405 _d119405 |
||